| 000 | 00000nam##2200000za#4500 |
| 001 | 9.578497 |
| 003 | CaOODSP |
| 005 | 20210624190121 |
| 007 | cr ||||||||||| |
| 008 | 150406|2014||||xxc|||||o f|0| 0 eng|d |
| 020 | |a978-1-100-23098-6 |
| 022 | |a1914-4229 |
| 040 | |aCaOODSP|beng |
| 043 | |an-cn--- |
| 086 | 1 |aM103-1/4-2014E-PDF |
| 110 | 1 |aCanada.|bNatural Resources Canada. |bGeomatics Canada. |
| 245 | 14|aThe GeoHashTree - a multi-resolution data structure for the management of point clouds / |h[electronic resource]|c[by] N. Sabo, A. Beaulieu, D. Bélanger, Y. Belzile, and B. Piché. |
| 260 | |aOttawa - Ontario : |bNatural Resources Canada. |c2014. |
| 300 | |a16p.|bfigs., graphs, references, table |
| 490 | 1 |aTechnical note|x1914-4229|vNo. 4 |
| 546 | |aResumé en français. |
| 590 | |a15-02|b2015-01-09 |
| 775 | 08|tLe GeohashTree - une structure de données multi-résolution pour la gestion des nuages de points / |w(CaOODSP)9.606306 |
| 830 | #0|aTechnical note,|x1914-4229|vNo. 4|w(CaOODSP)9.505218 |
| 856 | 40|ahttp://publications.gc.ca|qPDF|s2.76 MB|uhttps://publications.gc.ca/collections/collection_2015/rncan-nrcan/M103-1-4-2014-eng.pdf|yNo. 4 |